Những người tự đục đá kê cao quê hương : Tiểu luận, phê bình

שמור ב:
מידע ביבליוגרפי
מחבר ראשי: Lê, Thị Bích Hồng
פורמט: ספר
שפה:Undetermined
יצא לאור: Hà Nội Văn học 2018
נושאים:
תגים: הוספת תג
אין תגיות, היה/י הראשונ/ה לתייג את הרשומה!
Thư viện lưu trữ: Trung tâm Học liệu Trường Đại học Cần Thơ
LEADER 00684nam a2200205Ia 4500
001 CTU_232870
008 210402s9999 xx 000 0 und d
082 |a 895.9224 
082 |b H455 
100 |a Lê, Thị Bích Hồng 
245 0 |a Những người tự đục đá kê cao quê hương : 
245 0 |b Tiểu luận, phê bình 
245 0 |c Lê Thị Bích Hồng 
260 |a Hà Nội 
260 |b Văn học 
260 |c 2018 
650 |a Văn học Việt Nam,Vietnamese literature 
650 |x Lịch sử và phê bình,History and criticism 
910 |b nthai 
980 |a Trung tâm Học liệu Trường Đại học Cần Thơ